Monk On Riverside 1957-58, vol. 08 (Record n. 98877)
[ formato base ]
| 000 -LEADER | |
|---|---|
| fixed length control field | 01514njm a2200361Ia 4500 |
| 001 - CONTROL NUMBER | |
| control field | 25886 |
| 003 - CONTROL NUMBER IDENTIFIER | |
| control field | IT-RoPAU |
| 005 - DATE AND TIME OF LATEST TRANSACTION | |
| control field | 20220918181110.0 |
| 008 - FIXED-LENGTH DATA ELEMENTS--GENERAL INFORMATION | |
| fixed length control field | 131025s9999 xx 000 0 und d |
| 040 ## - CATALOGING SOURCE | |
| Original cataloging agency | IT-RoPAU |
| 040 ## - CATALOGING SOURCE | |
| Transcribing agency | IT-RoPAU |
| 999 ## - SYSTEM CONTROL NUMBERS (KOHA) | |
| Koha Dewey Subclass [OBSOLETE] | SI |
| 100 ## - MAIN ENTRY--PERSONAL NAME | |
| Personal name | Monk Thelonious |
| 9 (RLIN) | 14714 |
| 100 ## - MAIN ENTRY--PERSONAL NAME | |
| Relator term | Autore musica |
| 9 (RLIN) | 14715 |
| 100 ## - MAIN ENTRY--PERSONAL NAME | |
| Miscellaneous information | Codice autore musica SPICS: 10795 |
| 9 (RLIN) | 14716 |
| 245 ## - TITLE STATEMENT | |
| Title | Monk On Riverside 1957-58, vol. 08 |
| 250 ## - EDITION STATEMENT | |
| Edition statement | 2a ed. |
| 260 ## - PUBLICATION, DISTRIBUTION, ETC. (IMPRINT) | |
| Place of publication, distribution, etc. | MILANO |
| 260 ## - PUBLICATION, DISTRIBUTION, ETC. (IMPRINT) | |
| Name of publisher, distributor, etc. | RIVERSIDE RECORDS |
| Date of publication, distribution, etc. | 1984 [1a Ed.:1957 - Ed. Lingua Orig.: 1957] |
| 300 ## - PHYSICAL DESCRIPTION | |
| Extent | DISCO |
| 300 ## - PHYSICAL DESCRIPTION | |
| Dimensions | 40 minuti (Testo: pag.) |
| 500 ## - GENERAL NOTE | |
| General note | Musica jazz |
| 505 ## - FORMATTED CONTENTS NOTE | |
| Formatted contents note | I Mean You - Rhythm A Ning - Round Midnight [(agosto 1957) (9:00)] - Sweet and Lovely [(agosto 1957) (8:00)] |
| 511 ## - PARTICIPANT OR PERFORMER NOTE | |
| Participant or performer note | Mulligan Gerry: baritone sax; Monk Theolonoius: piano; Ware Wilson: drums |
| 650 ## - SUBJECT ADDED ENTRY--TOPICAL TERM | |
| Topical term or geographic name as entry element | JAZZ [DISCHI] |
| Relator term | Codice MATERIA SPICS: 9950 |
| 9 (RLIN) | 14717 |
| 700 ## - ADDED ENTRY--PERSONAL NAME | |
| Personal name | Monk Thelonious |
| Relator term | Interprete |
| Miscellaneous information | Codice interprete SPICS: 10795 |
| 9 (RLIN) | 14718 |
| 700 ## - ADDED ENTRY--PERSONAL NAME | |
| Personal name | Monk Thelonious |
| Miscellaneous information | Codice autore musica SPICS: 10795 |
| Relator term | Autore musica |
| Name of part/section of a work | Round Midnight |
| 9 (RLIN) | 14719 |
| 700 ## - ADDED ENTRY--PERSONAL NAME | |
| Personal name | Williams |
| Miscellaneous information | Codice autore SPICS: 20150 |
| Relator term | Autore |
| Name of part/section of a work | Round Midnight |
| 9 (RLIN) | 14720 |
| 700 ## - ADDED ENTRY--PERSONAL NAME | |
| Personal name | Arnheim |
| Miscellaneous information | Codice autore musica SPICS: 21463 |
| Relator term | Autore musica |
| Name of part/section of a work | Sweet and Lovely |
| 9 (RLIN) | 14721 |
| 700 ## - ADDED ENTRY--PERSONAL NAME | |
| Personal name | Tobias |
| Miscellaneous information | Codice autore SPICS: 27926 |
| Relator term | Autore |
| Name of part/section of a work | Sweet and Lovely |
| 9 (RLIN) | 14722 |
| 700 ## - ADDED ENTRY--PERSONAL NAME | |
| Personal name | Lemare |
| Miscellaneous information | Codice autore testo/musica SPICS: 27927 |
| Relator term | Autore testo/musica |
| Name of part/section of a work | Sweet and Lovely |
| 9 (RLIN) | 14723 |
| 942 ## - ADDED ENTRY ELEMENTS (KOHA) | |
| Koha item type | DISCHI |
| Source of classification or shelving scheme | Dewey Decimal Classification |
| Withdrawn status | Lost status | Damaged status | Not for loan | Home library | Current library | Date acquired | Total Checkouts | Full call number | Date last seen | Price effective from | Koha item type | Public note |
|---|---|---|---|---|---|---|---|---|---|---|---|---|
| Buone Condizioni | Not For Loan | SPICS-MEDIATECA | SPICS-MEDIATECA | 25/10/2013 | 25886 | 25/10/2013 | 25/10/2013 | DISCHI | Progr. Ins.: 5759 / N.Vol.: 1 / Copie: 1 - Copia rara: SI / date import: 01.01.2014 - By Epidotti, Trombetti, Vaglietti |